| 000 | nam a22 7a 4500 | ||
|---|---|---|---|
| 999 |
_c151144 _d151142 |
||
| 005 | 20190911091417.0 | ||
| 008 | 190911b mx ||||| |||| 00| 0 spa d | ||
| 050 | 0 | 4 |
_aQC523 _bC66 1984 |
| 110 | 1 | _aComisión Federal de Electricidad | |
| 245 | 1 | 0 |
_aElectricidad _c/ Comisión Federal de Electricidad. |
| 250 | _a1a ed. | ||
| 260 |
_aMéxico : _bComisión Federal de Electricidad, _c1984 |
||
| 300 |
_a2 v. : _bil. ; _c28 cm. |
||
| 650 | 7 |
_2lemb _aElectricidad |
|
| 942 |
_2lcc _cLIB |
||